| 000 | 00440nam a2200181Ia 4500 | ||
|---|---|---|---|
| 001 | 11325 | ||
| 005 | 20260306162819.0 | ||
| 008 | 260306t1978||||xx |||||||||||||| ||spa|| | ||
| 041 | _aESP | ||
| 082 |
_a349.84 _bS23 |
||
| 100 |
_aSánchez-Albornoz, Nicolás _eAUT |
||
| 245 | 0 | _aIndios y tributos en el Alto Perú | |
| 260 | _c1978 | ||
| 300 |
_a224 páginas : _c19 cm. |
||
| 650 | _aGEN | ||
| 654 | _aCDE | ||
| 942 |
_cLIB _dJUS _fJUS _2ddc _n |
||
| 999 |
_c11325 _d11325 |
||